| 000 | 00518nam a2200205Ia 4500 | ||
|---|---|---|---|
| 003 | GCL | ||
| 008 | 140319s9999 xx 000 0 eng d | ||
| 040 |
_aGCL / _cGCL |
||
| 082 | 0 | 4 |
_a160 _bC I |
| 100 | 1 | _aCHARLTON,TONY | |
| 245 | 1 | 0 |
_aINTRODUCTION TO LOGIC / _cCHARLTON,TONY |
| 700 | 1 | _aDAVID,KENNETH | |
| 260 |
_a[S.N] : _bROUTTEDGE CO L TD ، _c1993 |
||
| 300 | _a248 | ||
| 650 | 0 | 4 | _aEDUCATION |
| 650 | 0 | 4 | _aSCHOOL MANAGEMENT |
| 650 | 0 | 4 | _aSCHOOL DISCIPLINE |
| 650 | 0 | 4 | _aPROBLIM CHILDREN |
| 942 |
_2ddc _cBK |
||
| 999 |
_c19186 _d19186 |
||